LEADER 04140nam 2200421 450 001 9910583006603321 005 20230120002546.0 010 $a0-12-809898-8 035 $a(CKB)3710000001387236 035 $a(MiAaPQ)EBC4865053 035 $a(EXLCZ)993710000001387236 100 $a20170620h20172017 uy 0 101 0 $aeng 135 $aurcnu|||||||| 181 $2rdacontent 182 $2rdamedia 183 $2rdacarrier 200 10$aGlyceraldehyde-3-phosphate Dehydrogenase (GAPDH) $ethe quintessential moonlighting protein in normal cell function and in human disease /$fMichael A. Sirover 210 1$aLondon, England :$cAcademic Press,$d2017. 210 4$dİ2017 215 $a1 online resource (307 pages) $cillustrations (some color), tables 311 $a0-12-809852-X 320 $aIncludes bibliographical references at the end of each chapters and index. 327 $aSection I. The Role of Moonlighting GAPDH in Normal Cell Function. The role of moonlighting GAPDH in cell proliferation : the dynamic nature of GAPDH expression and subcellular localization -- Moonlighting GAPDH and the transcriptional regulation of gene expression : multiprotein complex formation and mechanisms of nuclear translocation -- The diversity of moonlighting GAPDH function in posttranscriptional RNA regulation : mRNA stability, tRNA processing, and viral pathogenesis -- The role of moonlighting GAPDH in membrane structure and function : membrane fusion and iron metabolism -- The role of moonlighting GAPDH in intracellular membrane trafficking : tubulin regulation and modulation of cytoskeletal structure -- Moonlighting GAPDH and the maintenance of DNA integrity : preservation of genetic information and cancer facilitation -- Moonlighting GAPDH in neuronal structure and function : regulation of ion channels and signal transduction -- Section II. Physiological Stress and GAPDH Functional Diversity. The significance of nitric oxide-modified GAPDH : regulation of apoptosis, cell signaling, and heme metabolism -- GAPDH and hypoxia : mechanisms of cell survival during oxygen deprivation -- Moonlighting GAPDH and ischemia : cellular and molecular effects of oxygen deprivation and reperfusion -- Section II. The Pathology of GAPDH Functional Diversity. GAPDH and tumorigenesis : molecular mechanisms of cancer development and survival -- Moonlighting GAPDH and age-related neurodegenerative disease : diversity of protein interactions and complexity of function -- Functional diversity of GAPDH in infection and immunity : the complexity of "simple" organisms -- Moonlighting GAPDH and diabetes : pleiotropic effects of perturbations in GAPDH structure and function -- Section IV. The Pharmacology of Moonlighting GAPDH -- Section V. The Unique Role of Sperm-Specific GAPDH -- Section VI. Discussion. 330 $aGlyceraldehyde-3-Phosphate Dehydrogenase (GAPDH): The Quintessential Moonlighting Protein in Normal Cell Function and in Human Disease examines the biochemical protein interactions of the multi-dimensional protein GAPDH, further considering the regulatory mechanisms through which cells control their functional diversity. This protein's diverse activities range from nuclear tRNA export and the maintenance of genomic integrity, to cytoplasmic post-transcriptional control of gene expression and receptor mediated cell signaling, to membrane facilitation of iron metabolism, trafficking and fusion. This book will be of great interest to basic scientists, clinicians and students, including molecular and cell biologists, immunologists, pathologists and clinical researchers who are interested in the biochemistry of GAPDH in health and disease.--$cSource other than the Library of Congress. 606 $aGlycolysis 606 $aAldehyde dehydrogenase 615 0$aGlycolysis. 615 0$aAldehyde dehydrogenase. 676 $a597.0333 700 $aSirover$b Michael$0984238 801 0$bMiAaPQ 801 1$bMiAaPQ 801 2$bMiAaPQ 906 $aBOOK 912 $a9910583006603321 996 $aGlyceraldehyde-3-phosphate Dehydrogenase (GAPDH)$92247933 997 $aUNINA